[Event "2. Hrvatska liga zapad 2017."]
[Site "Pula, Gospić, Rijeka"]
[Date "2017.04.08"]
[Round "4.4"]
[White "Milevoj, Cedomir"]
[Black "Matkun, Maksim"]
[Result "1-0"]
[WhiteElo "1913"]
[BlackElo "1948"]
[PlyCount "113"]
[EventDate "2017.03.25"]

1. d4 Nf6 2. c4 g6 3. Nc3 Bg7 4. e4 d6 5. Nf3 O-O 6. Bg5 c5 7. d5 h6 8. Bf4 Nh5
9. Be3 e5 10. dxe6 Bxe6 11. Be2 Nf6 12. Qd2 g5 13. Rd1 Qa5 14. O-O Ng4 15. Nb5
Qb6 16. Bxg5 hxg5 17. Qxg5 Nd7 18. Rxd6 Qd8 19. b3 a6 20. Qxd8 Raxd8 21. Nc7
Nde5 22. Rfd1 Rxd6 23. Rxd6 Nxf3+ 24. gxf3 Ne5 25. Kg2 Bc8 26. Nd5 Nc6 27. f4
Re8 28. e5 Re6 29. Bg4 Rxd6 30. Bxc8 Rg6+ 31. Kf1 Nd8 32. Ne7+ Kf8 33. Nxg6+
fxg6 34. Ke2 a5 35. Ke3 Bh6 36. Ke4 Ke7 37. f5 gxf5+ 38. Kxf5 b6 39. f4 Nc6 40.
Ke4 Nb4 41. a4 Nc6 42. f5 Nd4 43. f6+ Kf7 44. Bb7 Bf8 45. h4 Kg6 46. Bc8 Nxb3
47. Bd7 Nd4 48. Be8+ Kh6 49. Kd5 Nf5 50. e6 Nxh4 51. e7 Bxe7 52. fxe7 Nf5 53.
Ke6 Kg5 54. Bd7 Nxe7 55. Kxe7 Kf4 56. Kd6 Ke4 57. Kc7 1-0

[Event "2. Hrvatska liga zapad 2017."]
[Site "Pula, Gospić, Rijeka"]
[Date "2017.04.08"]
[Round "4.5"]
[White "Tomulic, Teo"]
[Black "Jurkovic, Ante"]
[Result "1/2-1/2"]
[WhiteElo "2271"]
[BlackElo "2289"]
[PlyCount "73"]
[EventDate "2017.03.25"]

1. e4 d6 2. Nc3 Nf6 3. f4 Bg4 4. Nf3 e6 5. Be2 d5 6. e5 Nfd7 7. O-O Be7 8. h3
Bxf3 9. Bxf3 Nc6 10. Kh2 Nd4 11. Ne2 Nxf3+ 12. Rxf3 c5 13. c3 c4 14. d4 cxd3
15. Qxd3 Nc5 16. Qc2 g6 17. Be3 Qd7 18. Bxc5 Bxc5 19. Rd1 b5 20. Qd2 Bb6 21. g3
Rc8 22. Kg2 O-O 23. f5 exf5 24. Qxd5 Qxd5 25. Rxd5 b4 26. g4 fxg4 27. hxg4 Rc4
28. Kg3 Re4 29. Nc1 bxc3 30. Rxc3 Re8 31. Nd3 Re7 32. Kf3 Re3+ 33. Kf4 h6 34.
a4 g5+ 35. Kf5 Rf3+ 36. Ke4 Re3+ 37. Kf5 1/2-1/2

[Event "2. Hrvatska liga zapad 2017."]
[Site "Pula, Gospić, Rijeka"]
[Date "2017.04.08"]
[Round "4.5"]
[White "Krivec, Jana"]
[Black "Begonja, Veljko"]
[Result "1-0"]
[WhiteElo "2264"]
[BlackElo "2116"]
[PlyCount "119"]
[EventDate "2017.03.25"]

1. e4 g6 2. d4 Bg7 3. Nc3 c6 4. Be3 d6 5. Qd2 b5 6. Bd3 Qc7 7. Nce2 Nd7 8. c4
bxc4 9. Bxc4 Ngf6 10. Nc3 Ng4 11. Bg5 h6 12. Bh4 O-O 13. Nf3 Nb6 14. Bd3 Re8
15. h3 Nf6 16. O-O e5 17. dxe5 dxe5 18. Bxf6 Bxf6 19. Qxh6 Bg7 20. Qg5 Qd8 21.
Qxd8 Rxd8 22. Rfd1 a5 23. Be2 Bb7 24. Rxd8+ Rxd8 25. Rd1 Ra8 26. Nd2 Bf6 27.
Nc4 Nxc4 28. Bxc4 Rd8 29. Rxd8+ Bxd8 30. Na4 Be7 31. b3 Kg7 32. Bd3 Bb4 33. Kf1
Kf8 34. Nb6 Ke7 35. Nc4 f6 36. Ke2 Bc8 37. f3 Be6 38. Kd1 Bxc4 39. Bxc4 Bc5 40.
Ke2 Ba3 41. h4 Bc1 42. g4 Bf4 43. Kd3 Bg3 44. h5 gxh5 45. gxh5 Bf4 46. Ba6 Kd6
47. Kc4 Be3 48. b4 axb4 49. Kxb4 Kc7 50. a4 Kb6 51. Bc8 Bd2+ 52. Kc4 Be3 53.
Bd7 Kc7 54. Be8 Kb6 55. a5+ Kxa5 56. Bxc6 Kb6 57. Kd5 Kc7 58. Ba4 Kd8 59. Ke6
Bg5 60. Kf7 1-0

[Event "2. Hrvatska liga zapad 2017."]
[Site "Pula, Gospić, Rijeka"]
[Date "2017.04.08"]
[Round "4.5"]
[White "Mufic, Goran"]
[Black "Juranic, Bruno"]
[Result "1-0"]
[WhiteElo "2225"]
[BlackElo "2161"]
[PlyCount "49"]
[EventDate "2017.03.25"]

1. Nf3 d5 2. g3 Nc6 3. Bg2 Bg4 4. h3 Bf5 5. d3 h6 6. Nbd2 e5 7. e4 dxe4 8. dxe4
Be6 9. Qe2 Qd7 10. Nc4 f6 11. O-O O-O-O 12. Be3 Bxh3 13. Rfd1 Qe6 14. Rxd8+
Kxd8 15. Rd1+ Kc8 16. Bxh3 Qxh3 17. Qd3 Bd6 18. Nxd6+ cxd6 19. Bxa7 Nxa7 20.
Qxd6 Ne7 21. Qxe7 Qg4 22. Rd3 h5 23. Ra3 Rd8 24. Rxa7 Rd7 25. Ra8+ 1-0

[Event "2. Hrvatska liga zapad 2017."]
[Site "Pula, Gospić, Rijeka"]
[Date "2017.04.08"]
[Round "4.5"]
[White "Brenc, Tomislav"]
[Black "Grozdanic, Velin"]
[Result "1-0"]
[WhiteElo "2001"]
[BlackElo "2076"]
[PlyCount "63"]
[EventDate "2017.03.25"]

1. f4 d5 2. Nf3 c5 3. g3 Nc6 4. Bg2 Nf6 5. O-O Bf5 6. d3 g6 7. Qe1 Bg7 8. h3 h5
9. Ng5 d4 10. Na3 Nd5 11. Bd2 O-O 12. g4 f6 13. gxf5 fxg5 14. fxg6 Nxf4 15.
Bxf4 Rxf4 16. Rxf4 gxf4 17. Qh4 e5 18. Qxh5 Qf6 19. Bxc6 bxc6 20. Nc4 Kf8 21.
Nd2 Ke8 22. Ne4 Qe7 23. Qg4 Kd8 24. Kf2 Kc7 25. h4 Bh6 26. Kf3 Rb8 27. b3 Kb6
28. Rg1 Rg8 29. h5 Kb5 30. a4+ Kb4 31. Rh1 a5 32. Qg1 1-0

[Event "2. Hrvatska liga zapad 2017."]
[Site "Pula, Gospić, Rijeka"]
[Date "2017.04.08"]
[Round "4.5"]
[White "Safar, Sandro"]
[Black "Starcevic, Andrea"]
[Result "1-0"]
[WhiteElo "2126"]
[BlackElo "1871"]
[PlyCount "77"]
[EventDate "2017.03.25"]

1. e4 c5 2. Nc3 e6 3. f4 Nc6 4. Nf3 d6 5. g3 Nf6 6. d3 Be7 7. Bg2 O-O 8. O-O a6
9. a4 Qc7 10. h3 Nd4 11. Ne2 Nxf3+ 12. Bxf3 Rb8 13. g4 Nd7 14. Ng3 Bh4 15. Kh2
Bxg3+ 16. Kxg3 f5 17. exf5 exf5 18. b3 Nf6 19. g5 Ne8 20. Bd5+ Kh8 21. Bb2 b6
22. Qh5 Bb7 23. g6 Nf6 24. Bxf6 gxf6 25. Bf7 Rxf7 26. gxf7 Rf8 27. Rae1 Qxf7
28. Qxf7 Rxf7 29. Re8+ Kg7 30. Rfe1 Bc6 31. Rd8 Bd7 32. Ra8 b5 33. a5 Kh6 34.
Rxa6 Bc8 35. Rxd6 Ra7 36. a6 Kg6 37. Re8 Bxa6 38. Rf8 b4 39. Rfxf6+ 1-0

[Event "2. Hrvatska liga zapad 2017."]
[Site "Pula, Gospić, Rijeka"]
[Date "2017.04.08"]
[Round "4.5"]
[White "Sepic, Ante"]
[Black "Dujic, Marko"]
[Result "1/2-1/2"]
[WhiteElo "1873"]
[BlackElo "1883"]
[PlyCount "149"]
[EventDate "2017.03.25"]

1. e4 d5 2. exd5 Qxd5 3. Nc3 Qa5 4. d4 Nf6 5. Bd3 c6 6. h3 e6 7. Bd2 Qb6 8. Nf3
Qxb2 9. O-O Qb6 10. Na4 Qd8 11. c4 Be7 12. Be3 O-O 13. Ne5 Nbd7 14. f4 c5 15.
Nxc5 Nxc5 16. dxc5 Qc7 17. c6 bxc6 18. Qa4 c5 19. Qc6 Qxc6 20. Nxc6 Bd6 21.
Rad1 Bb7 22. Na5 Be4 23. Bxe4 Nxe4 24. Nb7 Be7 25. Rd7 Rfe8 26. Rfd1 Nf6 27.
Rc7 Rac8 28. Rxc8 Rxc8 29. Nxc5 Rxc5 30. Bxc5 Bxc5+ 31. Kh2 Kf8 32. Kg3 Ne4+
33. Kf3 Nc3 34. Rd2 Ke7 35. g4 Na4 36. Ke4 Bb6 37. Kf3 Nc5 38. Rd1 Na4 39. Rd2
Nc5 40. Rd1 Nd7 41. Ke4 Nc5+ 42. Kf3 Kf6 43. Rd2 h6 44. Rd1 g5 45. fxg5+ Kxg5
46. Kg2 f5 47. gxf5 exf5 48. Kf3 Ne6 49. Re1 Nd4+ 50. Kg2 f4 51. Re5+ Kf6 52.
Rd5 Nf5 53. Kf3 Be3 54. Ke4 Ng3+ 55. Kf3 Ke6 56. Ra5 Nf5 57. c5 Nd4+ 58. Ke4
Nc6 59. Ra6 Kd7 60. Ra4 Bxc5 61. Kxf4 Ke6 62. Re4+ Kd5 63. Re8 Ne7 64. Rd8+ Ke6
65. Rd1 Nd5+ 66. Kf3 Ke5 67. Re1+ Kf5 68. Rc1 Bb4 69. Rc6 Nf6 70. Ra6 Bc5 71.
Ra4 Bb6 72. Rf4+ Kg5 73. Rb4 h5 74. Rb5+ Kg6 75. Kf4 1/2-1/2

[Event "2. Hrvatska liga zapad 2017."]
[Site "Pula, Gospić, Rijeka"]
[Date "2017.04.09"]
[Round "5.1"]
[White "Jurkovic, Ante"]
[Black "Muskardin, Mario"]
[Result "0-1"]
[WhiteElo "2289"]
[BlackElo "2251"]
[PlyCount "84"]
[EventDate "2017.03.25"]

1. e4 c5 2. Nf3 g6 3. d4 cxd4 4. Nxd4 Bg7 5. Nc3 Nc6 6. Nb3 d6 7. Be2 Nf6 8.
O-O O-O 9. f4 a6 10. Bf3 b5 11. Re1 Bb7 12. Nd5 Rc8 13. c3 Re8 14. Nxf6+ Bxf6
15. a3 Na5 16. Nxa5 Qxa5 17. Be3 Rc4 18. Bf2 Qc7 19. Qd3 Bg7 20. f5 Be5 21. Bd4
Bxd4+ 22. cxd4 Rc2 23. fxg6 hxg6 24. Rab1 e5 25. Red1 exd4 26. Qxd4 Re6 27. h4
Bxe4 28. Bxe4 Rc4 29. Qf2 Rexe4 30. g3 Rc5 31. Rd3 Rf5 32. Rf3 Rxf3 33. Qxf3
Qc5+ 34. Kh1 Re3 35. Qg2 Qe5 36. Rg1 d5 37. Qf2 Qe4+ 38. Rg2 d4 39. Qf4 Re1+
40. Kh2 Qb1 41. g4 Rh1+ 42. Kg3 Qd3+ 0-1

[Event "2. Hrvatska liga zapad 2017."]
[Site "Pula, Gospić, Rijeka"]
[Date "2017.04.09"]
[Round "5.1"]
[White "Juranic, Bruno"]
[Black "Tirkajla, Boris"]
[Result "0-1"]
[WhiteElo "2161"]
[BlackElo "2070"]
[PlyCount "66"]
[EventDate "2017.03.25"]

1. e4 Nf6 2. e5 Nd5 3. Nc3 Nb6 4. d4 d6 5. Be3 Bf5 6. g4 Bg6 7. f4 e6 8. Qf3
Qc8 9. O-O-O Be7 10. Nge2 f6 11. exf6 Bxf6 12. Ng3 O-O 13. h4 e5 14. dxe5 Bxe5
15. Nge2 Nc6 16. Qg3 Bxc3 17. Nxc3 Re8 18. f5 Bf7 19. Bh3 Re5 20. g5 Qe8 21.
Rhe1 Bh5 22. Rd3 Nb4 23. Rd4 N6d5 24. Nxd5 Nxd5 25. Bd2 Rxe1+ 26. Bxe1 Nb6 27.
Bc3 Qe2 28. Rd2 Qe4 29. Rf2 Re8 30. Bg2 Qc4 31. b3 Qc5 32. Bb2 Re1+ 33. Kd2
Rd1# 0-1

[Event "2. Hrvatska liga zapad 2017."]
[Site "Pula, Gospić, Rijeka"]
[Date "2017.04.09"]
[Round "5.1"]
[White "Oljaca, Manuel"]
[Black "Brenc, Tomislav"]
[Result "0-1"]
[WhiteElo "1997"]
[BlackElo "2001"]
[PlyCount "96"]
[EventDate "2017.03.25"]

1. d4 f5 2. e4 fxe4 3. Nc3 Nf6 4. Bg5 c6 5. Bxf6 exf6 6. d5 Bb4 7. d6 O-O 8.
Bc4+ Kh8 9. Nh3 b6 10. Qd2 Na6 11. a3 Bxc3 12. Qxc3 Nc5 13. Nf4 Qe8 14. g4 Ba6
15. Ba2 e3 16. fxe3 Ne4 17. Qd4 c5 18. Qd5 Nc3 19. Qd2 Nxa2 20. Rxa2 Qe4 21.
Rg1 Rae8 22. Kf2 Bb7 23. Qe2 g5 24. Nh5 f5 25. Ng3 fxg4+ 26. Ke1 Qe6 27. b3 Rf3
28. Nf1 Qf6 29. Qd2 Rf8 30. Ng3 Rf2 31. Qd3 Ba6 32. Qd5 Qc3+ 33. Kd1 Bd3 34.
Qxd3 Qxd3+ 35. cxd3 Rxa2 36. Rf1 Rxf1+ 37. Nxf1 Kg7 38. a4 Kf7 39. Nd2 Rxd2+
40. Kxd2 Ke6 41. Ke2 Kxd6 42. Kf2 h5 43. Kg3 Ke5 44. h3 gxh3 45. Kxh3 a6 46.
Kg3 b5 47. Kf3 bxa4 48. bxa4 d5 0-1

[Event "2. Hrvatska liga zapad 2017."]
[Site "Pula, Gospić, Rijeka"]
[Date "2017.04.09"]
[Round "5.1"]
[White "Starcevic, Andrea"]
[Black "Grego, Ludvig"]
[Result "1-0"]
[WhiteElo "1871"]
[BlackElo "1916"]
[PlyCount "55"]
[EventDate "2017.03.25"]

1. c4 Nf6 2. Nc3 d5 3. d4 g6 4. Nf3 Bg7 5. Bg5 Ne4 6. Bh4 Nxc3 7. bxc3 c5 8. e3
Nc6 9. Be2 O-O 10. O-O dxc4 11. Bxc4 cxd4 12. cxd4 Qa5 13. Rb1 e6 14. d5 exd5
15. Qxd5 Be6 16. Qxa5 Nxa5 17. Bxe6 fxe6 18. Rfd1 h6 19. Rd6 g5 20. Bg3 Rfe8
21. Rbd1 Bf6 22. Nd4 Kf7 23. Nb5 Red8 24. Rd7+ Rxd7 25. Rxd7+ Kg6 26. h3 a6 27.
Nc7 Kf5 28. Nxa8 1-0

[Event "2. Hrvatska liga zapad 2017."]
[Site "Pula, Gospić, Rijeka"]
[Date "2017.04.09"]
[Round "5.1"]
[White "Petrovic, Neven"]
[Black "Kirincic, Marko"]
[Result "1-0"]
[WhiteElo "1916"]
[BlackElo "1822"]
[PlyCount "53"]
[EventDate "2017.03.25"]

1. e4 c5 2. Nf3 Nc6 3. d4 cxd4 4. Nxd4 e6 5. Nc3 Bc5 6. Be3 Bb6 7. Ndb5 Nge7 8.
Nd6+ Kf8 9. Qh5 Ng6 10. O-O-O Bxe3+ 11. fxe3 Qb6 12. Bb5 Qxe3+ 13. Kb1 Nce5 14.
Rhf1 a6 15. Nxc8 Rxc8 16. Bxd7 Rxc3 17. bxc3 Nc4 18. Rd4 Nd2+ 19. Rxd2 Qxd2 20.
Bxe6 Ke7 21. Rxf7+ Ke8 22. Qc5 Qd8 23. Rd7 Qb8 24. Bf5 Rf8 25. Rxg7 Qd8 26.
Bxg6+ hxg6 27. Qe5+ 1-0

[Event "2. Hrvatska liga zapad 2017."]
[Site "Pula, Gospić, Rijeka"]
[Date "2017.04.09"]
[Round "5.2"]
[White "Bulic, Josip"]
[Black "Tomulic, Teo"]
[Result "0-1"]
[WhiteElo "2299"]
[BlackElo "2271"]
[PlyCount "96"]
[EventDate "2017.03.25"]

1. d4 d5 2. c4 c6 3. Nc3 dxc4 4. e3 b5 5. Nxb5 cxb5 6. Qf3 Qc7 7. Qxa8 Bb7 8.
Qxa7 e6 9. Bxc4 bxc4 10. Bd2 Bd6 11. Nf3 Nf6 12. Rc1 O-O 13. b3 Ne4 14. bxc4
Nxd2 15. Nxd2 Nc6 16. Qa4 Ra8 17. Qc2 Nb4 18. Qb3 Ra3 19. Qb1 Nd3+ 20. Ke2
Nxc1+ 21. Rxc1 Bxg2 22. d5 exd5 23. Qb2 Ra8 24. cxd5 Qe7 25. Qd4 Qe5 26. Qxe5
Bxe5 27. f3 Bh3 28. f4 Bd6 29. Rc6 Bb4 30. Nc4 Rxa2+ 31. Kf3 Bg2+ 32. Kg4 Bxd5
33. Rb6 Bf8 34. Ne5 Ra8 35. Rb5 Be4 36. f5 g6 37. f6 Bf5+ 38. Kf4 Bh6+ 39. Kf3
Be6 40. Nc6 Kf8 41. Nd4 Re8 42. e4 Bd2 43. Ne2 h5 44. Ng3 Bc3 45. e5 Bd7 46.
Rc5 Bxe5 47. Ne4 Bxh2 48. Ng5 Re5 0-1

[Event "2. Hrvatska liga zapad 2017."]
[Site "Pula, Gospić, Rijeka"]
[Date "2017.04.09"]
[Round "5.2"]
[White "Begonja, Veljko"]
[Black "Bulic, Domagoj"]
[Result "1-0"]
[WhiteElo "2116"]
[BlackElo "2210"]
[PlyCount "101"]
[EventDate "2017.03.25"]

1. d4 d5 2. c4 c6 3. Nc3 Nf6 4. Nf3 e6 5. e3 Bd6 6. Bd3 Nbd7 7. cxd5 exd5 8.
O-O O-O 9. a3 Re8 10. Qc2 Qe7 11. b4 Ne4 12. b5 Ndf6 13. Bb2 Bg4 14. Ne5 Bh5
15. f3 Nxc3 16. Qxc3 c5 17. Bf5 Bg6 18. Bh3 Rad8 19. Rad1 Nh5 20. g3 f6 21.
Nxg6 hxg6 22. g4 cxd4 23. Rxd4 Qe5 24. Qd2 Qg5 25. Kh1 Qh4 26. Qg2 Rxe3 27.
gxh5 Qxh5 28. Bc1 Re7 29. f4 Bc5 30. Bg4 Qh4 31. Rxd5 Rxd5 32. Qxd5+ Kf8 33.
Bf3 Qh3 34. Bg2 Qc3 35. Qd2 Qxd2 36. Bxd2 Bxa3 37. Re1 Rd7 38. Be3 b6 39. Be4
f5 40. Bf3 Bb4 41. Rd1 Rc7 42. Bc6 Ke7 43. Rc1 Ba3 44. Ra1 Bc5 45. Bxc5+ bxc5
46. Kg2 Kd6 47. Rd1+ Ke6 48. Bd5+ Kf6 49. Bc4 g5 50. Rd6+ Ke7 51. Re6+ 1-0

[Event "2. Hrvatska liga zapad 2017."]
[Site "Pula, Gospić, Rijeka"]
[Date "2017.04.09"]
[Round "5.2"]
[White "Barcal, Aleksandar"]
[Black "Mufic, Goran"]
[Result "0-1"]
[WhiteElo "2008"]
[BlackElo "2225"]
[PlyCount "108"]
[EventDate "2017.03.25"]

1. e4 c5 2. Nf3 Nc6 3. d4 cxd4 4. Nxd4 g6 5. Nc3 Bg7 6. Be3 Nf6 7. f3 O-O 8.
Qd2 d5 9. exd5 Nxd5 10. Nxd5 Qxd5 11. Nxc6 Qxc6 12. c3 Be6 13. Be2 Rfd8 14. Qc1
Bc4 15. Bxc4 Qxc4 16. Kf2 Rd3 17. Qc2 Rad8 18. Rhd1 a6 19. Rxd3 Rxd3 20. g3 f5
21. Qb3 Qxb3 22. axb3 Kf7 23. Ra5 Rd1 24. h4 Rb1 25. Ra2 Ke6 26. Ke2 Kd6 27.
Kd3 e5 28. b4 Rf1 29. Ke2 Rh1 30. Ra5 Rb1 31. Ra2 Kc6 32. Kd3 Bf8 33. Bf2 Bd6
34. Ke3 Kd5 35. Kd3 Rd1+ 36. Ke2 Rb1 37. Kd3 Kc6 38. Ke3 Bc7 39. Kd3 Rh1 40. b3
Rh2 41. Re2 e4+ 42. fxe4 fxe4+ 43. Kd2 Rg2 44. Be1 Rxe2+ 45. Kxe2 Kd5 46. Bf2
Ke5 47. c4 Kf5 48. Kf1 Kg4 49. Kg2 Be5 50. b5 axb5 51. cxb5 Bc3 52. Be3 Be1 53.
Bf4 h5 54. b6 e3 0-1

[Event "2. Hrvatska liga zapad 2017."]
[Site "Pula, Gospić, Rijeka"]
[Date "2017.04.09"]
[Round "5.2"]
[White "Safar, Sandro"]
[Black "Kovacevic, Matija"]
[Result "1-0"]
[WhiteElo "2126"]
[BlackElo "2020"]
[PlyCount "103"]
[EventDate "2017.03.25"]

1. e4 c5 2. Nc3 Nc6 3. f4 g6 4. Nf3 Bg7 5. d3 e6 6. g3 Nge7 7. Bg2 O-O 8. O-O
d6 9. Ne2 Qc7 10. c3 b5 11. a3 Rb8 12. Be3 a5 13. d4 cxd4 14. cxd4 d5 15. e5 b4
16. Qd2 Qb6 17. Rfc1 Ba6 18. Bf1 h5 19. h3 Nf5 20. Bf2 Rfc8 21. g4 hxg4 22.
hxg4 Nfe7 23. Bh3 bxa3 24. bxa3 Qb2 25. Ra2 Qxd2 26. Rxd2 Rb3 27. Kg2 Rxa3 28.
Ng3 Rb8 29. Rdc2 Bc4 30. f5 gxf5 31. gxf5 exf5 32. Nxf5 Rbb3 33. N5h4 Nb4 34.
Rxc4 dxc4 35. Rxc4 Nbd5 36. Bd7 Nb6 37. Rc7 Ned5 38. Ra7 Bh6 39. Be8 Nf4+ 40.
Kg3 Kf8 41. Bxf7 Rb2 42. Nf5 Nh3 43. Be1 Ng5 44. Bh5 Rbb3 45. Nxh6 Nxf3 46.
Rf7+ Ke8 47. Rxf3+ Kd8 48. Nf7+ Ke7 49. Nd6 Nd5 50. Nc4 Rxf3+ 51. Bxf3 Nc3 52.
Nxa3 1-0

[Event "2. Hrvatska liga zapad 2017."]
[Site "Pula, Gospić, Rijeka"]
[Date "2017.04.09"]
[Round "5.2"]
[White "Juras, Zvonko"]
[Black "Dujic, Marko"]
[Result "1-0"]
[WhiteElo "1907"]
[BlackElo "1883"]
[PlyCount "122"]
[EventDate "2017.03.25"]

1. e4 d5 2. exd5 Qxd5 3. Nc3 Qa5 4. Nf3 Bg4 5. Be2 Nf6 6. O-O e6 7. h3 Bxf3 8.
Bxf3 c6 9. d3 Bd6 10. Ne4 Nxe4 11. dxe4 Qc7 12. Be3 O-O 13. c3 Nd7 14. Qc2 Bf4
15. Bxf4 Qxf4 16. Qc1 Qxc1 17. Raxc1 Rfd8 18. Rfd1 Nf6 19. Kf1 e5 20. Ke2 Kf8
21. Ke3 Ke7 22. Rxd8 Rxd8 23. Rd1 Rd6 24. Be2 Nd7 25. f4 exf4+ 26. Kxf4 Nc5 27.
b3 Rf6+ 28. Ke3 Re6 29. Bf3 f5 30. Rd4 Nd7 31. Kf4 fxe4 32. Bg4 Rf6+ 33. Ke3
Nb6 34. Rxe4+ Kf7 35. c4 Rf1 36. Rf4+ Rxf4 37. Kxf4 Kf6 38. Ke4 g6 39. h4 Ke7
40. Ke5 Na8 41. Bc8 b5 42. c5 Nc7 43. b4 Nd5 44. a3 Ne3 45. h5 Nxg2 46. hxg6
hxg6 47. Bg4 Ne3 48. Kf4 Nc4 49. Kg5 Nxa3 50. Bf3 Kd7 51. Bd1 Ke6 52. Kxg6 Kd5
53. Kf6 Kc4 54. Ke6 Kxb4 55. Kd6 Kc4 56. Kxc6 b4 57. Be2+ Kd4 58. Kd6 b3 59. c6
b2 60. c7 b1=Q 61. c8=Q Qg6+ 1-0

[Event "2. Hrvatska liga zapad 2017."]
[Site "Pula, Gospić, Rijeka"]
[Date "2017.04.09"]
[Round "5.2"]
[White "Dujic, Davor"]
[Black "Milevoj, Cedomir"]
[Result "0-1"]
[WhiteElo "1660"]
[BlackElo "1913"]
[PlyCount "90"]
[EventDate "2017.03.25"]

1. e4 Nf6 2. e5 Nd5 3. c4 Nb6 4. d4 d6 5. exd6 cxd6 6. Be2 g6 7. Nf3 Bg7 8. O-O
O-O 9. Nc3 Nc6 10. Be3 Bg4 11. b3 d5 12. c5 Nc8 13. h3 Bxf3 14. Bxf3 e6 15. Qd2
Qh4 16. Ne2 h6 17. Bg4 f5 18. g3 Qf6 19. Bf3 Kh7 20. b4 g5 21. b5 Nd8 22. Qd3
Ne7 23. a4 Nf7 24. Bg2 e5 25. dxe5 Nxe5 26. Qc2 Qg6 27. Rad1 f4 28. Qxg6+ N7xg6
29. Bxd5 fxe3 30. fxe3 g4 31. h4 Nf3+ 32. Kg2 Rae8 33. e4 Re7 34. h5 Nge5 35.
Nf4 Rc8 36. Rc1 Nd4 37. Rf2 Rec7 38. Ne6 Nxe6 39. Bxe6 Rxc5 40. Bxc8 Rxc1 41.
Bxb7 Nf3 42. Rf1 Rc2+ 43. Rf2 Rc4 44. Ra2 Bd4 45. Bd5 Rc1 0-1

[Event "2. Hrvatska liga zapad 2017."]
[Site "Pula, Gospić, Rijeka"]
[Date "2017.04.09"]
[Round "5.3"]
[White "Mandekic, Ivan"]
[Black "Medancic, Rikard"]
[Result "1/2-1/2"]
[WhiteElo "2212"]
[BlackElo "2240"]
[PlyCount "40"]
[EventDate "2017.03.25"]

1. c4 b6 2. e4 Bb7 3. Nc3 e5 4. g3 Nf6 5. Bg2 Bc5 6. Nge2 Nc6 7. O-O O-O 8. d3
h6 9. a3 a5 10. Rb1 Rb8 11. Nd5 Nxd5 12. cxd5 Nd4 13. b4 axb4 14. axb4 Nxe2+
15. Qxe2 Bd4 16. Bb2 c5 17. Bxd4 cxd4 18. Bh3 Qe7 19. f4 exf4 20. Rxf4 Bxd5
1/2-1/2

[Event "2. Hrvatska liga zapad 2017."]
[Site "Pula, Gospić, Rijeka"]
[Date "2017.04.09"]
[Round "5.3"]
[White "Fucak, Emilio Milko"]
[Black "Karabaic, Ivan"]
[Result "1-0"]
[WhiteElo "2191"]
[BlackElo "2187"]
[PlyCount "131"]
[EventDate "2017.03.25"]

1. Nf3 Nf6 2. d4 e6 3. c4 Bb4+ 4. Bd2 Qe7 5. g3 b6 6. Bg2 Bb7 7. O-O Bxd2 8.
Nbxd2 O-O 9. Qc2 d6 10. e4 e5 11. d5 Nbd7 12. b4 a5 13. a3 Rfe8 14. Rfb1 Qf8
15. Ne1 c6 16. Nd3 cxd5 17. cxd5 Ba6 18. b5 Bb7 19. Nc4 Rec8 20. Rc1 Qe7 21.
Qd2 Ne8 22. Qe3 Qd8 23. Bh3 Nc5 24. Bxc8 Rxc8 25. Nd2 Rc7 26. Nxc5 dxc5 27. Nc4
Re7 28. d6 Re6 29. Rd1 Nf6 30. f3 Nd7 31. Rd2 Qf6 32. Rad1 h6 33. Kg2 Qd8 34.
Kf2 Kf8 35. Ke2 Kg8 36. Qc3 Kh7 37. Ne3 Qg5 38. Nf5 g6 39. h4 Qd8 40. Ne3 Qf6
41. Ng4 Qd8 42. Qe3 Qf8 43. Qb3 Qe8 44. Ne3 Qf8 45. Nc4 Qe8 46. Qe3 Qc8 47. Ke1
Qb8 48. Rf2 Ba8 49. Kf1 Bb7 50. Kg1 Kg7 51. Rdf1 Qe8 52. Qc3 Kg8 53. Qd2 Qf8
54. f4 exf4 55. Rxf4 Rxe4 56. Rxf7 Qxf7 57. Rxf7 Kxf7 58. Qxh6 Nf6 59. d7 Re1+
60. Kf2 Rd1 61. Ne5+ Ke6 62. Qxg6 Kxe5 63. Qe8+ Nxe8 64. dxe8=Q+ Kf6 65. Qh8+
Ke6 66. Qh6+ 1-0

[Event "2. Hrvatska liga zapad 2017."]
[Site "Pula, Gospić, Rijeka"]
[Date "2017.04.09"]
[Round "5.3"]
[White "Monjac, Mislav"]
[Black "Podobnik, Marijan"]
[Result "1/2-1/2"]
[WhiteElo "2204"]
[BlackElo "2143"]
[PlyCount "71"]
[EventDate "2017.03.25"]

1. e4 Nf6 2. e5 Nd5 3. d4 d6 4. Bc4 Nb6 5. Bb3 dxe5 6. Qh5 e6 7. dxe5 a5 8. a4
Nc6 9. Nf3 g6 10. Qg4 Nd7 11. O-O Bg7 12. Rd1 Qe7 13. Nc3 Ndxe5 14. Nxe5 Nxe5
15. Qg3 O-O 16. Bf4 f6 17. Ne4 Ra6 18. Re1 Nf7 19. Bxc7 e5 20. Bxf7+ Rxf7 21.
Bxa5 Rxa5 22. Qc3 Ra8 23. Rad1 Be6 24. b3 Rff8 25. f4 f5 26. Ng5 e4 27. Qh3 h6
28. Nxe6 Qxe6 29. g4 Rad8 30. gxf5 gxf5 31. Rxd8 Rxd8 32. Kh1 Kh7 33. Rg1 Rd2
34. Rxg7+ Kxg7 35. Qc3+ Kg6 36. Qxd2 1/2-1/2

[Event "2. Hrvatska liga zapad 2017."]
[Site "Pula, Gospić, Rijeka"]
[Date "2017.04.09"]
[Round "5.3"]
[White "Krsovnik, Emil"]
[Black "Samblic, Silvano"]
[Result "0-1"]
[WhiteElo "2065"]
[BlackElo "1984"]
[PlyCount "76"]
[EventDate "2017.03.25"]

1. e4 c6 2. d4 d5 3. e5 Bf5 4. Nf3 e6 5. Be2 c5 6. O-O Nc6 7. c3 h6 8. Be3 Qb6
9. Qd2 cxd4 10. cxd4 Rc8 11. Rc1 Bxb1 12. Raxb1 Nge7 13. b4 g5 14. a4 Bg7 15.
Ne1 O-O 16. a5 Qd8 17. Nd3 Nf5 18. Nc5 b6 19. Nb7 Qe7 20. a6 f6 21. g4 Nxe3 22.
fxe3 fxe5 23. b5 Nb8 24. Rxc8 Rxc8 25. Rf1 Qc7 26. Bd3 exd4 27. exd4 Qc3 28.
Qe2 Qxd4+ 29. Kh1 Qe5 30. Qd1 Nd7 31. Re1 Qf4 32. Bb1 Nf6 33. h3 Rc3 34. Bd3
Ne4 35. Bxe4 dxe4 36. Qd6 Rxh3+ 37. Kg1 Rg3+ 38. Kh1 Qf3+ 0-1

[Event "2. Hrvatska liga zapad 2017."]
[Site "Pula, Gospić, Rijeka"]
[Date "2017.04.09"]
[Round "5.3"]
[White "Bogdanic, Katarina"]
[Black "Nastic, Milorad"]
[Result "1-0"]
[WhiteElo "1940"]
[BlackElo "1873"]
[PlyCount "67"]
[EventDate "2017.03.25"]

1. c4 e5 2. g3 d6 3. Bg2 Nc6 4. Nc3 g6 5. Nf3 Bg7 6. d3 Nge7 7. O-O O-O 8. Rb1
b6 9. b4 Bb7 10. Qc2 Nd4 11. Nxd4 Bxg2 12. Ne6 Qc8 13. Kxg2 Qxe6 14. f3 f5 15.
a4 c5 16. bxc5 dxc5 17. a5 Nc6 18. Nd5 Nd4 19. Qa2 Rab8 20. e3 Nc6 21. axb6
axb6 22. Qa4 Rfd8 23. Qxc6 Rd6 24. Qb5 e4 25. dxe4 fxe4 26. f4 Rxd5 27. cxd5
Qxd5 28. Rf2 Bf8 29. Rd2 Qh5 30. Qc4+ Kg7 31. Qxe4 b5 32. Bb2+ Kh6 33. Bf6 Qg4
34. Qe5 1-0

[Event "2. Hrvatska liga zapad 2017."]
[Site "Pula, Gospić, Rijeka"]
[Date "2017.04.09"]
[Round "5.3"]
[White "Matkun, Maksim"]
[Black "Dubrovic, Mihovil"]
[Result "1-0"]
[WhiteElo "1948"]
[BlackElo "1931"]
[PlyCount "107"]
[EventDate "2017.03.25"]

1. d4 Nf6 2. e3 e6 3. Bd3 b6 4. f4 Bb7 5. Nf3 d6 6. Qe2 Be7 7. Nbd2 Nbd7 8. b3
c6 9. Bb2 Qc7 10. c4 c5 11. O-O Rc8 12. f5 cxd4 13. fxe6 fxe6 14. exd4 e5 15.
Ng5 Nf8 16. dxe5 dxe5 17. Bxe5 Qc5+ 18. Kh1 h6 19. Ne6 Bxg2+ 20. Qxg2 Qxe5 21.
Rae1 Qc3 22. Re3 Qb4 23. Rfe1 Nxe6 24. Rxe6 Rc7 25. Bg6+ Kd8 26. Qa8+ Rc8 27.
Qxa7 Rc7 28. Qxb6 Qxb6 29. Rxb6 Nd7 30. Rbe6 Nf8 31. Ra6 Nxg6 32. Rxg6 Bb4 33.
Re2 Re8 34. Rxe8+ Kxe8 35. Re6+ Kf7 36. Re2 Rd7 37. Nf3 Kf6 38. Kg2 g5 39. Ne5
Rd6 40. Ng4+ Kg6 41. Rc2 h5 42. Ne3 Rd8 43. Nd5 Bd6 44. c5 Be5 45. Ne7+ Kf6 46.
Nc6 Rc8 47. Nxe5 Kxe5 48. c6 Kd6 49. c7 Kd7 50. a4 Kd6 51. a5 Kd7 52. b4 h4 53.
Kh3 Kd6 54. b5 1-0